000
00318nam a22001337a 4500
008
170822b xxu||||| |||| 00| 0 eng d
020
_a
9781559537636
041
_a
eng
080
_a
51
100
_a
37
101
_a
MAT
245
_a
DICOVRTING ALGEBRA AN INVESTIGATIVE APPROACH
_c
MURDOCK.J
942
_2
udc
_c
BK
999
_c
24457
_d
24457